01315 2200265 4500001002100000005001500021035002000036007000300056008004100059040001200100100001700112245005200129250001100181300002100192020002200213082002000235084002000255260005200275500063100327650001000958850001200968990002300980990002301003990002301026INLIS00000000069490020230111102400 a0010-0123000212ta230111 g 1 ind  aJIPUBAY0 aAlvi Syahrin1 aLoneliness :bis my best friend /cAlvi Syahrin aCer. 1 a306 hlm ;c19 cm a978-623-97002-2-5 2[23]a899.221 3 a899.221 3 ALV l aJakarta Selatan :bAlvi Ardhi Publishing,c2022 a1. Jujur, aku merasa nggak punya teman.2. Aku cuma butuh teman cerita. satu aja.3. Sekarang, aku seseorang tanpa circle4. Aku selalu jadi opsi kedua di hidup orang.5. Latihan berteman dengan diri sendiri.6. Jadi dewasa itu sepi, ya.7. Keluargaku nggak sehangat keluarga lain.8. Kayaknya, nggak ada yang sayang sama aku.9. Aku nggak pernah punya kisah cinta.10. Cara paling ampuh berdamai dengan kesepian.Dan, di sinilah kamu, menyentuh buku ini, sendiri saja, trying to feel something, trying to find a friend, dan kamu sudah ada di langkah yang tepat, karena di buku ini, ada 45 bab yang membantumu berdamai dengan rasa sepi. 4aFiksi aJIPUBAY a508190/DPKBWI/2022 a508191/DPKBWI/2022 a508192/DPKBWI/2022